Les Papyrus Bouriant /

محفوظ في:

المؤلف الرئيسي: Collart, Paul, 1902-1981 (مؤلف)

مؤلفون آخرون: Bouriant, Urbain. 1849-1903.

التنسيق: كتاب

اللغة: French

منشور في: Paris : Honoré Champion, 1926.

الموضوعات:

الوسوم: إضافة وسم

لا توجد وسوم, كن أول من يضع وسما على هذه التسجيلة!

رقم الطلب: PA3306 .B77

LEADER 00587nam a22001937a 4500
003 OSt
005 20250922104640.0
008 250922s1926 fr ah g 001 0 fre d
040 |c ARCE Library 
050 1 4 |a PA3306  |b .B77 
100 1 |a Collart, Paul,  |d 1902-1981,  |e author  |9 28204 
245 1 4 |a Les Papyrus Bouriant /  |c Par Paul Collart.  
264 1 |a Paris :   |b Honoré Champion,   |c 1926. 
300 |a 254 pages, 1 l. :   |b 4 facsimiles., tables ;  |c 29 cm. 
650 0 |a Manuscripts, Greek (Papyri) 
700 1 |a Bouriant, Urbain.  |d 1849-1903. 
901 |a reviewed 
942 |c BK  |2 lcc 
999 |c 22271  |d 22271